| 000 | 00915cam a2200265 a 4500 | ||
|---|---|---|---|
| 001 | 1527107 | ||
| 003 | OSt | ||
| 005 | 20230703154331.0 | ||
| 008 | 900820s1991 maua b 001 0 eng | ||
| 010 | _a 90047064 | ||
| 020 | _a0674636252 (alk. paper) | ||
| 040 |
_aDLC _cDLC _dDLC |
||
| 043 | _an-us--- | ||
| 082 | 0 | 0 |
_a342.73 _bTRI |
| 100 | 1 | _aTribe, Laurence H. | |
| 245 | 1 | 0 |
_aOn reading the Constitution / _cLaurence H. Tribe & Michael C. Dorf. |
| 260 |
_aCambridge, Mass. : _bHarvard University Press, _c1991. |
||
| 300 |
_a144 p. : _bill. ; _c24 cm. |
||
| 504 | _aIncludes bibliographical references (p. 121-135) and indexes. | ||
| 650 | 0 |
_aConstitutional law _zUnited States. |
|
| 700 | 1 | _aDorf, Michael C. | |
| 906 |
_a7 _bcbc _corignew _d1 _eocip _f19 _gy-gencatlg |
||
| 942 |
_2ddc _cBK |
||
| 999 |
_c3458 _d3458 |
||